| 000 | 00839nam a2200217 a 4500 | ||
|---|---|---|---|
| 001 | 000013790 | ||
| 005 | 20240826124700.0 | ||
| 008 | 091130s2004 dr acd 000 0 spa d | ||
| 040 |
_aDO-SdBNP _bspa _cBNPHU |
||
| 082 |
_axxxx _bP349m |
||
| 100 |
_aPeña Geraldino, Rafael _91257 |
||
| 245 | 1 | 0 |
_aMatemática I / _cRafael Peña Geraldino ; coodinación general, asesoria y edición José Molinaza ; presentación Alejandrina Germán. |
| 250 | _a3 a ed. | ||
| 260 |
_aSanto Domingo : _bSEE _bAlfa & Omega, _c2004. |
||
| 300 |
_a227 p. : _bil., retrs., diagr. ; _c28 cm. |
||
| 500 | _aEducación media. Primer grado / Primer ciclo | ||
| 504 | _aIncluye referencias bibliográficas y notas al pie de las páginas | ||
| 700 | 1 |
_aMolinaza, José, _ecoord., ed. _925720 |
|
| 710 | 1 |
_aSecretaría de Estado de Educación _912759 |
|
| 049 | _aBNPD | ||
| 999 |
_c13402 _d13402 |
||